| 000 | 00564nam a2200169 a 4500 | ||
|---|---|---|---|
| 005 | 20220825113152.0 | ||
| 008 | 991125s1986 mx 000 0 spa u | ||
| 035 | _aUPN01000002522 | ||
| 049 | _aF | ||
| 050 | 4 |
_aPQ7297 R386 _bA5 |
|
| 245 | 0 | 3 |
_aEl Anáhuac a través de Alfonso Reyes / _cRaúl Rangel Frías ... [et al.]. |
| 260 |
_aMonterrey : _bUANL, Capilla Alfonsina Biblioteca Universitaria, _c1986. |
||
| 300 | _a63 p. | ||
| 600 | 1 | 7 |
_aReyes, Alfonso, _d1889-1959 _xCrítica e interpretación _2 _923778 |
| 700 | 1 |
_aRangel Frías, Raúl, _ecoaut. |
|
| 905 | _aLibro | ||
| 999 |
_c2522 _d2522 |
||